| 000 | 00891cam a2200217 4500 | ||
|---|---|---|---|
| 001 | ABS65196 | ||
| 008 | 020228n2002 000 0 eng u | ||
| 035 | _a(Sirsi) u116892 | ||
| 100 | _aHamson, L. | ||
| 245 | 4 | _aThe great plc reinvention | |
| 260 | _c2002 | ||
| 490 |
_aProperty Week _v67(6) 15 February 2002, 27-30(4) |
||
| 520 | _aAsks why large public property companies are moving towards becoming fund managers. Due to the problems of raising equity and no solution available to the continuing problem of a discount to net asset value, public property companies are becoming increasingly disillusioned with the quoted sector. Various current examples are looked at and views submitted. | ||
| 590 | _aABS | ||
| 650 | _aPROPERTY INDUSTRY | ||
| 650 | _aCOMPANIES | ||
| 650 | _aFUND MANAGERS | ||
| 650 | _aFUND MANAGEMENT | ||
| 690 |
_aPROPERTY MANAGEMENT _96262 |
||
| 942 | _n0 | ||
| 999 |
_c69629 _d69629 |
||